[Event "IX Festival A"]
[Site "Cesenatico ITA"]
[Date "2004.09.06"]
[Round "3"]
[White "Kemeny, Matthias"]
[Black "Vuelban, Virgilio"]
[Result "0-1"]
[WhiteElo "2074"]
[BlackElo "2306"]
[PlyCount "120"]
[EventDate "2004.09.04"]

1. e4 c5 2. Nf3 d6 3. d4 cxd4 4. Nxd4 Nf6 5. Nc3 Nc6 6. Be2 e5 7. Nb3 Be7 8.
O-O Be6 9. Be3 O-O 10. f3 a6 11. Qd2 Rc8 12. Rad1 Nb8 13. Kh1 Nbd7 14. Bg5 Qc7
15. Bd3 Rfe8 16. f4 Bf8 17. Rde1 b5 18. Rf3 b4 19. Nd1 d5 20. Nf2 dxe4 21. Nxe4
Nxe4 22. Bxe4 f6 23. Bh4 exf4 24. Nd4 Bf7 25. Rxf4 Nc5 26. Bf5 Rxe1+ 27. Bxe1
Re8 28. Rf1 Ne4 29. Qd3 g6 30. Bxe4 Bc4 31. Qf3 Qe5 32. Bd3 Qxd4 33. Bxc4+ Qxc4
34. Qb3 Qxb3 35. axb3 Re2 36. c3 Rxb2 37. cxb4 Rxb3 38. h3 f5 39. Kh2 Bd6+ 40.
Kg1 Bxb4 41. Bxb4 Rxb4 42. Ra1 Rb6 43. Kf2 Kf7 44. Kf3 Kf6 45. h4 h6 46. g3 g5
47. hxg5+ hxg5 48. Rh1 Rb3+ 49. Kf2 Rb2+ 50. Ke3 Rg2 51. Kf3 Ra2 52. Rh8 g4+
53. Ke3 Rg2 54. Rh6+ Kg5 55. Rxa6 Rxg3+ 56. Kf2 Rb3 57. Ra8 Rb2+ 58. Kg1 Kh4
59. Ra3 f4 60. Rc3 f3 0-1

[Event "IX Festival A"]
[Site "Cesenatico ITA"]
[Date "2004.09.06"]
[Round "3"]
[White "Maahs, Erich"]
[Black "Anceschi, Vittorio"]
[Result "1/2-1/2"]
[WhiteElo "2155"]
[BlackElo "2261"]
[PlyCount "109"]
[EventDate "2004.09.04"]

1. e4 g6 2. d4 Bg7 3. Nc3 c6 4. f4 d5 5. e5 h5 6. Nf3 Nh6 7. Be3 Bg4 8. h3 Bxf3
9. Qxf3 h4 10. Bd3 e6 11. O-O-O Nd7 12. Bf2 Nf5 13. Kb1 b5 14. Qg4 Bf8 15. Ne2
Be7 16. Ng1 Qa5 17. Qe2 Nb6 18. Nf3 Nc4 19. Bxf5 gxf5 20. Rd3 Kd7 21. Be1 Qb6
22. Nd2 Rh7 23. Bf2 Rg8 24. Rg1 Rhg7 25. Qf1 Nxd2+ 26. Rxd2 a5 27. Rd3 b4 28.
g3 c5 29. gxh4 Rxg1 30. Bxg1 c4 31. Rf3 Bxh4 32. Bf2 Bxf2 33. Qxf2 c3 34. Rd3
a4 35. h4 cxb2 36. Kxb2 Rg4 37. h5 a3+ 38. Kc1 Qd8 39. Rh3 Qg8 40. Rh1 Qc8 41.
Qd2 Qc4 42. Kb1 Rg7 43. h6 Rh7 44. Qe3 Kc6 45. Qd2 Kb5 46. Qe3 Qc3 47. Qd3+ Ka5
48. Qxc3 bxc3 49. Kc1 Kb4 50. Kd1 Kc4 51. Ke2 Kxd4 52. Kf3 Kc4 53. Rh3 Kd4 54.
Rh4 Kc4 55. Ke2 1/2-1/2

[Event "IX Festival A"]
[Site "Cesenatico ITA"]
[Date "2004.09.06"]
[Round "3"]
[White "Marholev, Dimitar"]
[Black "D'Innocente, Stefano"]
[Result "0-1"]
[WhiteElo "2350"]
[BlackElo "2197"]
[PlyCount "90"]
[EventDate "2004.09.04"]

1. e4 c5 2. Nc3 Nc6 3. Nge2 g6 4. d4 cxd4 5. Nxd4 Bg7 6. Nde2 d6 7. g3 Bg4 8.
Bg2 Bxc3+ 9. bxc3 Qd7 10. h3 Be6 11. Nf4 Bc4 12. Nd3 Kf8 13. O-O Kg7 14. Be3
Nf6 15. Re1 Rhd8 16. f4 Qc7 17. Nf2 Nd7 18. Qd2 Ba6 19. f5 Nde5 20. Bd4 f6 21.
Nd1 Qa5 22. Qf2 Nc4 23. g4 g5 24. Bf1 b6 25. h4 h6 26. Ne3 Nxe3 27. Qxe3 Kf7
28. hxg5 hxg5 29. Bxa6 Qxa6 30. Kg2 Rh8 31. Qd3 Qa4 32. Rh1 Raf8 33. Bf2 Ke8
34. Rxh8 Rxh8 35. Bg3 Kd7 36. Rd1 Kc8 37. c4 Qxa2 38. Qc3 Qa5 39. Qb3 Qb4 40.
Qa2 Qa5 41. Qb3 Kb7 42. c3 Qc5 43. Rd5 Qe3 44. Qc2 Ne5 45. Bxe5 Qh3+ 0-1

[Event "IX Festival A"]
[Site "Cesenatico ITA"]
[Date "2004.09.06"]
[Round "3"]
[White "Masotti, Roberto"]
[Black "Pruesse, Horst"]
[Result "0-1"]
[WhiteElo "1874"]
[BlackElo "2126"]
[PlyCount "90"]
[EventDate "2004.09.04"]

1. Nf3 Nc6 2. d4 d5 3. e3 Bg4 4. Be2 Nf6 5. Nbd2 e6 6. O-O Bd6 7. c4 O-O 8. c5
Be7 9. Qa4 Qe8 10. Bb5 a6 11. Bxc6 bxc6 12. Ne5 Be2 13. Re1 Bb5 14. Qa5 Ne4 15.
a4 f6 16. Nef3 Bd3 17. Ra3 Nxd2 18. Nxd2 Bf5 19. e4 dxe4 20. Nxe4 Qd7 21. Ng3
Bg6 22. Be3 Rfb8 23. Qc3 Qd5 24. Bf4 Rb7 25. Nf1 Rab8 26. Ne3 Qe4 27. Bg3 Bf7
28. f3 Qg6 29. Nc4 e5 30. Na5 exd4 31. Qxd4 Rb4 32. Qc3 Bf8 33. Nxc6 Rc4 34.
Qd3 Bxc5+ 35. Kh1 Bxa3 36. Qxg6 Bxg6 37. Nxb8 Bb4 38. Rd1 a5 39. Rd8+ Bf8 40.
h3 Kf7 41. Rd7+ Ke6 42. Rxc7 Rxc7 43. Bxc7 Bd6 44. Bxa5 Bxb8 45. Kg1 Bc2 0-1

[Event "IX Festival A"]
[Site "Cesenatico ITA"]
[Date "2004.09.06"]
[Round "3"]
[White "Mrdja, Milan"]
[Black "Emami, Madjid"]
[Result "1-0"]
[WhiteElo "2432"]
[BlackElo "2081"]
[PlyCount "69"]
[EventDate "2004.09.04"]

1. e4 g6 2. d4 Bg7 3. Nc3 c6 4. Nf3 d6 5. h3 Nd7 6. Be3 Qc7 7. a4 b6 8. Bc4
Ngf6 9. O-O O-O 10. Re1 a6 11. e5 dxe5 12. dxe5 Nxe5 13. Nxe5 Qxe5 14. Bxb6 Qb8
15. a5 e5 16. Na4 Nd7 17. c3 Nxb6 18. axb6 Bf5 19. Qb3 Qd6 20. Rad1 Qe7 21. b7
Rab8 22. Bxa6 Be6 23. Qb6 Qg5 24. Qe3 Qxe3 25. Rxe3 Bb3 26. Ra1 Bxa4 27. Rxa4
Rfd8 28. Rc4 Rd6 29. b4 f5 30. b5 cxb5 31. Rc8+ Rd8 32. Rd3 Rf8 33. Rd5 e4 34.
Rdc5 Kf7 35. R5c7+ 1-0

[Event "IX Festival A"]
[Site "Cesenatico ITA"]
[Date "2004.09.06"]
[Round "3"]
[White "Ori, Marco"]
[Black "Estremera Panos, Sergio"]
[Result "0-1"]
[WhiteElo "2081"]
[BlackElo "2341"]
[PlyCount "61"]
[EventDate "2004.09.04"]

1. e4 c5 2. Nf3 d6 3. d4 cxd4 4. Nxd4 Nf6 5. Nc3 Nc6 6. Bc4 e6 7. Be3 a6 8. a4
Be7 9. O-O O-O 10. Kh1 Qc7 11. Bb3 Na5 12. f4 b6 13. Qe2 Bb7 14. Bg1 Nxb3 15.
Nxb3 Rac8 16. Nd2 Nd7 17. Bd4 e5 18. Be3 Bf6 19. f5 Be7 20. Rf3 Nf6 21. Rg3 Kh8
22. Bg5 Qc5 23. Bxf6 Bxf6 24. Rh3 Qb4 25. Nb3 Rc4 26. Re1 h6 27. Rd3 Rfc8 28.
h3 Bh4 29. Red1 Bxe4 30. Nxe4 Rxe4 31. Qd2 0-1

[Event "IX Festival A"]
[Site "Cesenatico ITA"]
[Date "2004.09.06"]
[Round "3"]
[White "Rossi, Giampiero"]
[Black "Bernardini, Luca"]
[Result "1/2-1/2"]
[WhiteElo "2012"]
[BlackElo "1760"]
[PlyCount "92"]
[EventDate "2004.09.04"]

1. d4 d5 2. c4 c6 3. cxd5 cxd5 4. Nc3 Nf6 5. Nf3 a6 6. Bf4 Nc6 7. e3 Bg4 8. Be2
e6 9. h3 Bxf3 10. Bxf3 Bd6 11. Bxd6 Qxd6 12. O-O O-O 13. Qd2 Rac8 14. Rfd1 Rfd8
15. Rac1 Rc7 16. Na4 Qe7 17. Nc5 Rdc8 18. a3 h6 19. b4 Nb8 20. Nd3 Nbd7 21.
Rxc7 Rxc7 22. Rc1 Nb6 23. Rxc7 Qxc7 24. Qc1 Qxc1+ 25. Nxc1 Nc4 26. a4 b6 27.
Nb3 a5 28. bxa5 Nxa5 29. Nxa5 bxa5 30. Kf1 Kf8 31. Ke1 Ke7 32. Kd2 Kd6 33. Kc3
Nd7 34. Be2 Nb6 35. Bb5 f6 36. f3 Nd7 37. e4 Nb6 38. Kd3 g5 39. g3 e5 40. Ke3
Na8 41. dxe5+ fxe5 42. exd5 Kxd5 43. Kd3 Nb6 44. Be8 Ke6 45. Ke4 Nc4 46. Kd3
Nb6 1/2-1/2

[Event "IX Festival A"]
[Site "Cesenatico ITA"]
[Date "2004.09.06"]
[Round "3"]
[White "Rotstein, Arkadij"]
[Black "Pozzi, Enrico"]
[Result "1-0"]
[WhiteElo "2524"]
[BlackElo "2208"]
[PlyCount "89"]
[EventDate "2004.09.04"]

1. e4 e5 2. Nf3 d6 3. d4 Nf6 4. Nc3 Nbd7 5. Bc4 Be7 6. O-O O-O 7. Re1 c6 8. a4
b6 9. d5 Bb7 10. dxc6 Bxc6 11. Nd5 Nxd5 12. Bxd5 Bxd5 13. Qxd5 Rc8 14. c3 h6
15. h3 Qc7 16. a5 Rfd8 17. Be3 Rb8 18. axb6 axb6 19. Qb5 Ra8 20. Nd2 Nc5 21.
Nc4 Rab8 22. Bxc5 bxc5 23. Qa4 Qb7 24. Qd1 Bg5 25. Qd5 Qxd5 26. exd5 Rd7 27.
Ra6 Be7 28. Rea1 f5 29. Kf1 Kf7 30. Ke2 h5 31. Kd3 h4 32. f3 Rh8 33. Ra7 Rxa7
34. Rxa7 Kf6 35. Rd7 Rb8 36. Kc2 e4 37. f4 Rg8 38. Nxd6 g5 39. fxg5+ Rxg5 40.
Kb3 Rxg2 41. Nxf5 Bf8 42. Rd8 Kf7 43. d6 Rf2 44. d7 Rd2 45. Kc4 {...} 1-0

[Event "IX Festival A"]
[Site "Cesenatico ITA"]
[Date "2004.09.06"]
[Round "3"]
[White "Russo, Carmelo"]
[Black "Da Forno, Roberto"]
[Result "0-1"]
[WhiteElo "1835"]
[BlackElo "1748"]
[PlyCount "168"]
[EventDate "2004.09.04"]

1. Nf3 f5 2. g3 Nf6 3. c4 g6 4. Bg2 Bg7 5. O-O O-O 6. Nc3 d6 7. b4 Nc6 8. Rb1
Ne5 9. Ng5 e6 10. Qb3 Qe7 11. d4 Nf7 12. Nh3 Kh8 13. b5 e5 14. dxe5 Nxe5 15.
Nf4 Ned7 16. Ncd5 Nxd5 17. Bxd5 Nc5 18. Qc2 Rb8 19. Bb2 Bd7 20. Bxg7+ Qxg7 21.
a4 Rbe8 22. a5 Re5 23. Nd3 Nxd3 24. Qxd3 b6 25. axb6 axb6 26. Ra1 g5 27. Ra7
Be6 28. Qc3 Bxd5 29. cxd5 Rxd5 30. Qxg7+ Kxg7 31. Rxc7+ Rf7 32. Rc6 Rb7 33. Rb1
Kf6 34. Kg2 Ke6 35. Kf3 Kd7 36. Rc3 Rc7 37. Ra3 Rcc5 38. Rab3 h6 39. h3 Ke6 40.
Re3+ Kf6 41. Reb3 Rd2 42. Rd3 Rxd3+ 43. exd3 Re5 44. Rb3 h5 45. d4 g4+ 46. Kg2
Re4 47. Rd3 Ke6 48. hxg4 hxg4 49. d5+ Ke5 50. Rd2 Rd4 51. Re2+ Kxd5 52. Re8 Rd3
53. Rf8 Rf3 54. Rc8 Rb3 55. Rf8 Ke6 56. Re8+ Kd7 57. Re3 Rxb5 58. f3 Rb2+ 59.
Kf1 gxf3 60. Rxf3 Ke6 61. Re3+ Kd5 62. Rd3+ Ke5 63. Ke1 d5 64. Re3+ Kd4 65. Rf3
Ke4 66. Rf4+ Ke5 67. Kd1 d4 68. Kc1 Rg2 69. Rf3 Ke4 70. Rb3 d3 71. Rxb6 Rxg3
72. Re6+ Kd5 73. Re8 Rg2 74. Rd8+ Ke4 75. Re8+ Kf3 76. Rd8 Ke4 77. Re8+ Kf4 78.
Rd8 Rg3 79. Kd2 Re3 80. Rd4+ Kf3 81. Rxd3 Rxd3+ 82. Kxd3 Kf2 83. Kd2 f4 84. Kd1
Kg2 0-1

[Event "IX Festival A"]
[Site "Cesenatico ITA"]
[Date "2004.09.06"]
[Round "3"]
[White "Setti, Denis"]
[Black "Bardi, Massimo"]
[Result "0-1"]
[WhiteElo "1754"]
[BlackElo "2076"]
[PlyCount "120"]
[EventDate "2004.09.04"]

1. e4 c5 2. Nf3 d6 3. Bb5+ Bd7 4. Bxd7+ Qxd7 5. O-O Nc6 6. d4 cxd4 7. Nxd4 Nf6
8. Nc3 g6 9. Bg5 Bg7 10. Nb3 O-O 11. Bxf6 Bxf6 12. Nc5 Qc8 13. Nd3 Bxc3 14.
bxc3 Qe6 15. Re1 Qc4 16. Qd2 Rac8 17. Nb2 Qc5 18. Rab1 b6 19. Nd1 Ne5 20. a4
Qa5 21. Rb4 Rc5 22. Ne3 Rd8 23. Nd5 e6 24. Nf6+ Kg7 25. Nh5+ Kg8 26. Nf6+ Kg7
27. Nh5+ Kf8 28. Qh6+ Ke7 29. Qg5+ Kd7 30. Nf6+ Kc8 31. Qe3 h5 32. f4 Nc6 33.
Qd2 Kb7 34. Reb1 Qa6 35. R4b3 Qxa4 36. Qe1 Qa6 37. Ra1 Ra5 38. Rab1 Qc4 39. Kh1
Ra2 40. Qf2 Qc5 41. Qd2 Na5 42. Rb4 Ra3 43. e5 Qc7 44. exd6 Qxc3 45. Qc1 Ra2
46. Ne4 Qxc2 47. Qxc2 Rxc2 48. Re1 f5 49. Ng5 Rxd6 50. Rg1 Nc6 51. Ra4 e5 52.
fxe5 Nxe5 53. h3 Rdd2 54. Ne6 Ng4 55. Nf4 Ne3 56. Ra3 Rf2 57. Rxe3 Rxf4 58.
Re7+ Rc7 59. Re6 g5 60. Rg6 g4 0-1

[Event "IX Festival A"]
[Site "Cesenatico ITA"]
[Date "2004.09.06"]
[Round "3"]
[White "Skembris, Spyridon"]
[Black "Lagrotteria, Salvatore"]
[Result "1/2-1/2"]
[WhiteElo "2434"]
[BlackElo "2209"]
[PlyCount "84"]
[EventDate "2004.09.04"]

1. d4 Nf6 2. Bg5 g6 3. Nc3 d5 4. Qd2 h6 5. Bxf6 exf6 6. e4 dxe4 7. Nxe4 Bg7 8.
O-O-O O-O 9. f4 c6 10. h3 a5 11. Nf3 Na6 12. Nc3 b5 13. Kb1 Nc7 14. Bd3 Nd5 15.
f5 g5 16. Rhe1 Bd7 17. Nxd5 cxd5 18. Qc3 Qb6 19. Qc5 Qc6 20. Qxc6 Bxc6 21. Nd2
a4 22. a3 Rfe8 23. Nf3 Bf8 24. Rxe8 Bxe8 25. c3 Bd7 26. Ne1 Kg7 27. Nc2 Bd6 28.
Re1 Rd8 29. Nb4 Bxb4 30. cxb4 h5 31. g3 h4 32. g4 Re8 33. Rxe8 Bxe8 34. b3 axb3
35. Kb2 Kf8 36. Kxb3 Ke7 37. a4 bxa4+ 38. Ka3 Kd6 39. b5 Kc7 40. Kxa4 Kb6 41.
Kb4 Bd7 42. Bf1 Be8 1/2-1/2

[Event "IX Festival A"]
[Site "Cesenatico ITA"]
[Date "2004.09.06"]
[Round "3"]
[White "Steccanella, Sergio"]
[Black "Sanzani, Pierluigi"]
[Result "0-1"]
[WhiteElo "1724"]
[BlackElo "1955"]
[PlyCount "76"]
[EventDate "2004.09.04"]

1. e4 c5 2. Nf3 d6 3. d4 cxd4 4. Nxd4 Nf6 5. Nc3 g6 6. Be2 Bg7 7. Be3 Nc6 8.
O-O O-O 9. h3 a6 10. Qd2 Qc7 11. a3 Bd7 12. b4 b5 13. Rac1 Ne5 14. f3 Nc4 15.
Bxc4 Qxc4 16. Qd3 Rfc8 17. Nce2 Be6 18. Nxe6 Qxe6 19. Nd4 Qc4 20. Qxc4 Rxc4 21.
c3 Rac8 22. Bd2 Nd7 23. g4 Nb6 24. f4 Na4 25. Ne2 Nxc3 26. Nxc3 Bxc3 27. Bxc3
Rxc3 28. Rxc3 Rxc3 29. Ra1 Rxh3 30. Kg2 Rc3 31. Kf2 Kg7 32. Ke2 h5 33. gxh5
gxh5 34. Kd2 Rc4 35. Kd3 f5 36. Re1 Kf6 37. exf5 Rxf4 38. Rc1 Rf3+ 0-1

[Event "IX Festival A"]
[Site "Cesenatico ITA"]
[Date "2004.09.06"]
[Round "3"]
[White "Terbonati, Paolo"]
[Black "Guccione, Daniele"]
[Result "1/2-1/2"]
[WhiteElo "1931"]
[BlackElo "1814"]
[PlyCount "36"]
[EventDate "2004.09.04"]

1. c4 Nf6 2. Nc3 g6 3. g3 Bg7 4. Bg2 O-O 5. d3 c6 6. Qb3 d6 7. Nf3 Nbd7 8. O-O
e5 9. Bd2 Nc5 10. Qc2 Nh5 11. b4 Ne6 12. Rab1 f5 13. b5 Bd7 14. bxc6 Bxc6 15.
Nd5 Rc8 16. Nb4 Bd7 17. Nd5 Bc6 18. Nb4 Bd7 1/2-1/2

[Event "IX Festival A"]
[Site "Cesenatico ITA"]
[Date "2004.09.06"]
[Round "3"]
[White "Ventura, Sergio"]
[Black "Pircher, Karl"]
[Result "1-0"]
[WhiteElo "2175"]
[BlackElo "2013"]
[PlyCount "43"]
[EventDate "2004.09.04"]

1. c4 Nf6 2. Nc3 e6 3. e4 d5 4. e5 d4 5. exf6 dxc3 6. bxc3 Qxf6 7. Nf3 c5 8.
Bd3 Bd7 9. Bc2 Bd6 10. Rb1 Bc6 11. d4 Qe7 12. O-O Qc7 13. d5 Bd7 14. Re1 Kf8
15. dxe6 Bxe6 16. Ng5 Ke7 17. Nxe6 fxe6 18. Bg5+ Kf8 19. Rxb7 Qxb7 20. Qxd6+
Kg8 21. Qxe6+ Qf7 22. Qc8+ 1-0

[Event "IX Festival A"]
[Site "Cesenatico ITA"]
[Date "2004.09.06"]
[Round "3"]
[White "Vincenzi, Andrea"]
[Black "Koller, Hubert"]
[Result "1-0"]
[WhiteElo "1807"]
[BlackElo "2107"]
[PlyCount "89"]
[EventDate "2004.09.04"]

1. e4 d6 2. Bc4 Nf6 3. d3 e5 4. Nc3 Nc6 5. a3 Be7 6. Nge2 O-O 7. O-O Be6 8. Nd5
Na5 9. Ba2 b6 10. c4 Nxd5 11. cxd5 Bg4 12. f3 Bd7 13. b4 Nb7 14. Be3 a5 15. Qd2
f5 16. Rfc1 f4 17. Bf2 Rc8 18. d4 Kh8 19. Bc4 Ra8 20. Nc3 Qe8 21. Qd3 Bd8 22.
Ba6 Bc8 23. Bb5 Bd7 24. Bxd7 Qxd7 25. Nb5 Rf7 26. Qc4 h6 27. Qc6 Rb8 28. Rc2
Bf6 29. Qxd7 Rxd7 30. Rac1 axb4 31. axb4 Ra8 32. dxe5 Bxe5 33. Nxc7 Ra4 34. Ne6
Kg8 35. Rc8+ Kf7 36. Rf8+ Ke7 37. h3 Ra1 38. Rxa1 Bxa1 39. Bxb6 Bc3 40. Rxf4 g5
41. Rf5 Bxb4 42. Nf8 Bc5+ 43. Bxc5 Nxc5 44. Nxd7 Nxd7 45. h4 1-0

[Event "IX Festival A"]
[Site "Cesenatico ITA"]
[Date "2004.09.06"]
[Round "3"]
[White "Voltolini, Giuseppe"]
[Black "Trabert, Bettina"]
[Result "1/2-1/2"]
[WhiteElo "2241"]
[BlackElo "2312"]
[PlyCount "35"]
[EventDate "2004.09.04"]

1. e4 e5 2. Nf3 Nc6 3. Bc4 Bc5 4. c3 Nf6 5. d3 a6 6. O-O Ba7 7. Be3 O-O 8. Bb3
d5 9. Bxa7 Rxa7 10. Nbd2 Re8 11. Re1 d4 12. cxd4 Nxd4 13. Nxd4 Qxd4 14. Nf3 Qd8
15. d4 exd4 16. e5 Ng4 17. h3 Nh6 18. Qxd4 1/2-1/2

[Event "IX Festival A"]
[Site "Cesenatico ITA"]
[Date "2004.09.06"]
[Round "3"]
[White "Weinberg, Emanuele"]
[Black "Lucchi, Lorenzo"]
[Result "1-0"]
[WhiteElo "1952"]
[BlackElo "1577"]
[PlyCount "107"]
[EventDate "2004.09.04"]

1. d4 Nf6 2. c4 g6 3. Nc3 Bg7 4. e4 d6 5. f3 O-O 6. Be3 Na6 7. Qd2 c5 8. d5 Nc7
9. Bd3 Bd7 10. Nge2 a6 11. Ng3 b5 12. h4 b4 13. Nce2 h5 14. Bh6 e5 15. Bxg7
Kxg7 16. Nf1 Rh8 17. Ne3 a5 18. Ng1 a4 19. Nh3 Nce8 20. Nf2 Qa5 21. g3 Nc7 22.
f4 exf4 23. gxf4 b3 24. Qxa5 Rxa5 25. axb3 Rb8 26. Bc2 Raa8 27. bxa4 Rxb2 28.
e5 dxe5 29. fxe5 Ng4 30. Nfxg4 Bxg4 31. Kd2 Bf3 32. Rhb1 Rab8 33. Rxb2 Rxb2 34.
Kc3 Rb4 35. a5 g5 36. hxg5 h4 37. Nf5+ Kf8 38. Nxh4 Bxd5 39. Ra4 Be4 40. Rxb4
cxb4+ 41. Kb3 Bc6 42. Kxb4 Na6+ 43. Kc3 Nc5 44. Bf5 Ke7 45. g6 fxg6 46. Nxg6+
Kd8 47. e6 Kc7 48. Ne7 Ba8 49. Nd5+ Kd6 50. e7 Bc6 51. Bg6 Nb7 52. a6 Na5 53.
a7 Kd7 54. e8=Q+ 1-0

[Event "IX Festival A"]
[Site "Cesenatico ITA"]
[Date "2004.09.06"]
[Round "3"]
[White "Zimmer, Hans Werner"]
[Black "Lapenna, Antonio"]
[Result "0-1"]
[WhiteElo "1867"]
[BlackElo "2030"]
[PlyCount "78"]
[EventDate "2004.09.04"]

1. e4 c5 2. d4 cxd4 3. c3 dxc3 4. Nxc3 e6 5. Nf3 a6 6. Bc4 d6 7. O-O Be7 8. Qe2
b5 9. Bb3 Ra7 10. Be3 Rd7 11. Nd4 Nf6 12. Bxe6 fxe6 13. Nxe6 Qa5 14. Nxg7+ Kf7
15. Nh5 Bb7 16. Nxf6 Bxf6 17. Qh5+ Ke7 18. Nd5+ Bxd5 19. exd5 Kd8 20. Rac1 b4
21. Rfe1 Rg8 22. Qf5 Be7 23. Qxh7 Re8 24. Bd4 Rc7 25. Bf6 b3 26. a3 Bxf6 27.
Rxe8+ Kxe8 28. Qxc7 Qxc7 29. Rxc7 Nd7 30. Rc6 Bxb2 31. Rxd6 Bxa3 32. Re6+ Kf7
33. Re1 a5 34. Kf1 Bb4 35. Rb1 a4 36. Ke2 a3 37. Rxb3 a2 38. Rxb4 a1=Q 39. Rf4+
Kg6 0-1

[Event "IX Festival A"]
[Site "Cesenatico ITA"]
[Date "2004.09.07"]
[Round "4"]
[White "Anceschi, Vittorio"]
[Black "Russi, Roberto"]
[Result "1-0"]
[WhiteElo "2261"]
[BlackElo "2086"]
[PlyCount "73"]
[EventDate "2004.09.04"]

1. e4 c5 2. Nc3 Nc6 3. g3 g6 4. Bg2 Bg7 5. d3 d6 6. Be3 Rb8 7. Qd2 b5 8. Nge2
b4 9. Nd1 Nd4 10. O-O e5 11. Nc1 Ne7 12. c3 bxc3 13. bxc3 Ndc6 14. Bh6 O-O 15.
Bxg7 Kxg7 16. Ne3 Be6 17. Nd5 Qd7 18. Ne2 f5 19. d4 fxe4 20. Nxe7 Nxe7 21. dxe5
dxe5 22. Qe3 Qd3 23. Qxc5 Nd5 24. Qd6 Bf5 25. Qxe5+ Nf6 26. Nd4 Bg4 27. Nc6 Rb7
28. h3 Be2 29. Rfe1 Re8 30. Qd4 Rd7 31. Qb4 Nd5 32. Qb2 Bf3 33. c4+ Nf6 34.
Bxf3 Qxf3 35. Ne5 Rd2 36. Qb7+ Rd7 37. Qxd7+ 1-0

[Event "IX Festival A"]
[Site "Cesenatico ITA"]
[Date "2004.09.07"]
[Round "4"]
[White "Bardi, Massimo"]
[Black "Lagrotteria, Salvatore"]
[Result "1-0"]
[WhiteElo "2076"]
[BlackElo "2209"]
[PlyCount "107"]
[EventDate "2004.09.04"]

1. e4 d6 2. f4 g6 3. Nf3 Bg7 4. Nc3 Nf6 5. d4 O-O 6. Bd3 c6 7. O-O Qb6 8. Na4
Qa5 9. c4 Bg4 10. Bd2 Qc7 11. Nc3 Bxf3 12. Rxf3 a6 13. e5 Ne8 14. Qe2 e6 15.
Ne4 Nd7 16. c5 dxc5 17. dxc5 a5 18. Rh3 h6 19. Be1 b6 20. Rc1 Nxc5 21. Nxc5
bxc5 22. Rxc5 Qd7 23. Be4 Nc7 24. Bxc6 Qe7 25. Rhc3 Ra7 26. Bf2 Rd8 27. R5c4
Nd5 28. Rc1 Ra6 29. Bxd5 exd5 30. Rd4 Qe6 31. Qd2 Bf8 32. Rd1 Bb4 33. Qd3 Rc6
34. h3 Bc5 35. Ra4 Bxf2+ 36. Kxf2 Rb6 37. b3 Rb4 38. Rxb4 axb4 39. Qb5 Qe7 40.
Kf3 d4 41. Rd3 h5 42. Qb6 Qd7 43. Qxb4 Qd5+ 44. Kf2 g5 45. Qd2 Kh7 46. Qe2 Kg6
47. Qf3 Qxf3+ 48. Kxf3 Kf5 49. g4+ hxg4+ 50. hxg4+ Ke6 51. Ke4 gxf4 52. Rxd4
Ra8 53. Rd6+ Ke7 54. Rd2 1-0

[Event "IX Festival A"]
[Site "Cesenatico ITA"]
[Date "2004.09.07"]
[Round "4"]
[White "Bernardini, Luca"]
[Black "Guglielmi, Giuseppe"]
[Result "0-1"]
[WhiteElo "1760"]
[BlackElo "1980"]
[PlyCount "74"]
[EventDate "2004.09.04"]

1. e4 c5 2. Nc3 Nc6 3. g3 g6 4. Bg2 Bg7 5. d3 Rb8 6. Be3 d6 7. Qd2 e6 8. Nge2
b5 9. Nd1 Ne5 10. h3 b4 11. f4 Nd7 12. O-O Ne7 13. g4 Qc7 14. f5 h5 15. fxe6
fxe6 16. g5 Ne5 17. c3 c4 18. d4 Nd3 19. Nf2 bxc3 20. bxc3 Rb2 21. Qd1 Ba6 22.
Nf4 Nxf4 23. Bxf4 O-O 24. Bc1 Rbb8 25. Qe1 Qa5 26. Nd1 Rxf1+ 27. Bxf1 Bxd4+ 28.
Be3 Qxg5+ 29. Bg2 Bxe3+ 30. Qxe3 Qxe3+ 31. Nxe3 Rb2 32. Rd1 Nc8 33. Bf1 Rxa2
34. Nxc4 Bb5 35. Nxd6 Nxd6 36. Rxd6 Ra1 37. Rxe6 Kf7 0-1

[Event "IX Festival A"]
[Site "Cesenatico ITA"]
[Date "2004.09.07"]
[Round "4"]
[White "Bossi, Alessandro"]
[Black "Altea, Giovanni"]
[Result "1-0"]
[WhiteElo "2053"]
[BlackElo "1778"]
[PlyCount "136"]
[EventDate "2004.09.04"]

1. e4 c6 2. d4 d5 3. exd5 cxd5 4. c4 Nf6 5. Nc3 Nc6 6. Nf3 Bg4 7. Be2 e6 8. c5
Be7 9. Bf4 O-O 10. O-O Bxf3 11. Bxf3 b6 12. Rc1 bxc5 13. dxc5 Qa5 14. Qa4 Qxa4
15. Nxa4 Nb4 16. Bd2 Nd3 17. Rc2 Rfc8 18. b4 Ne5 19. Be2 Nc6 20. Ba6 Rd8 21. b5
Nd4 22. Rb2 Nd7 23. Ba5 Nxc5 24. Nxc5 Bxc5 25. Bxd8 Rxd8 26. Rd1 e5 27. a4 Ne6
28. Bb7 d4 29. Kf1 Kf8 30. g4 f6 31. a5 Rb8 32. Bd5 Nf4 33. Be4 g6 34. Rb3 Ke7
35. h4 h6 36. Rdb1 Kd7 37. b6 axb6 38. axb6 g5 39. hxg5 hxg5 40. Rc1 Bxb6 41.
Rc6 Bc7 42. Rxb8 Bxb8 43. Rxf6 Bd6 44. Rf5 Ne6 45. Bd5 Nf4 46. Bb3 Nh3 47. Kg2
Nf4+ 48. Kf3 Nh3 49. Bc4 Ke7 50. Bf1 Nf4 51. Rxg5 d3 52. Rg7+ Kf6 53. Rb7 d2
54. Rb1 Bb4 55. Be2 Ba3 56. Bd1 Bc1 57. Rb6+ Kg5 58. Rd6 Nh3 59. Re6 Bb2 60.
Re8 Nf4 61. Bc2 Bd4 62. Rd8 Ne6 63. Rg8+ Kf6 64. Ke2 Bc5 65. f3 Nd4+ 66. Kd1
Nxf3 67. Rf8+ Kg5 68. Rxf3 68... Bb4 {...} 1-0

[Event "IX Festival A"]
[Site "Cesenatico ITA"]
[Date "2004.09.07"]
[Round "4"]
[White "Bossoni, Mario"]
[Black "Marholev, Dimitar"]
[Result "0-1"]
[WhiteElo "2009"]
[BlackElo "2350"]
[PlyCount "84"]
[EventDate "2004.09.04"]

1. e4 e5 2. Bc4 Nf6 3. d3 Nc6 4. Nf3 h6 5. O-O d6 6. Re1 g6 7. Nbd2 Bg7 8. Nf1
O-O 9. c3 Na5 10. Bb3 Nxb3 11. axb3 Nh7 12. d4 Ng5 13. Nxg5 hxg5 14. dxe5 Bxe5
15. Be3 a6 16. Qd2 g4 17. Bd4 c5 18. Bxe5 dxe5 19. Rad1 Be6 20. Qh6 Qe7 21. c4
Rad8 22. Ne3 Rd4 23. Nd5 Qd8 24. Rxd4 cxd4 25. Qd2 Kg7 26. Qd3 Rh8 27. Qg3 Rh5
28. Rd1 Qa5 29. f4 gxf3 30. Qxf3 Qd8 31. Rf1 Qh4 32. h3 Qd8 33. Nf6 Rh8 34. Ng4
Qg5 35. Qf6+ Qxf6 36. Nxf6 Bf5 37. exf5 Kxf6 38. fxg6+ Kxg6 39. Kf2 f5 40. Re1
Kf6 41. Rd1 f4 42. Rd3 Kf5 0-1

[Event "IX Festival A"]
[Site "Cesenatico ITA"]
[Date "2004.09.07"]
[Round "4"]
[White "Brancaleoni, Maurizio"]
[Black "Bonacci, Mauro"]
[Result "1/2-1/2"]
[WhiteElo "2298"]
[BlackElo "2204"]
[PlyCount "111"]
[EventDate "2004.09.04"]

1. d4 Nf6 2. c4 g6 3. Nc3 Bg7 4. e4 d6 5. Be2 O-O 6. Be3 Nbd7 7. Nf3 c6 8. O-O
Qc7 9. Rb1 e5 10. d5 h6 11. Nd2 a6 12. a3 Ne8 13. g4 Nef6 14. Kh1 Nh7 15. Rg1
Ng5 16. Rg3 Nh7 17. Rc1 c5 18. Qg1 g5 19. h4 f6 20. Nf1 Re8 21. Bd2 Ndf8 22. h5
f5 23. gxf5 Nd7 24. Ne3 Ndf6 25. b4 b6 26. Rb1 Bd7 27. Qd1 Reb8 28. Kg2 Kh8 29.
Rh3 Bf8 30. Rh1 Be7 31. Nf1 Ne8 32. Ng3 Nhf6 33. Qc2 Nh7 34. Rhc1 Nhf6 35. Be3
Ng7 36. Qd2 Nh7 37. Rh1 Bf6 38. Rbc1 Be8 39. Qd3 Bd8 40. Bd1 Bf6 41. Bb3 Nf8
42. Qd2 Qd8 43. Rb1 Bd7 44. Qc2 Ne8 45. Rhd1 Qc7 46. bxc5 bxc5 47. Ba4 Rxb1 48.
Rxb1 Rb8 49. Rxb8 Qxb8 50. Qb3 Qxb3 51. Bxb3 Bd8 52. Ba4 Bxa4 53. Nxa4 Ba5 54.
Bxc5 dxc5 55. Nxc5 Nd6 56. Nxa6 {...} 1/2-1/2

[Event "IX Festival A"]
[Site "Cesenatico ITA"]
[Date "2004.09.07"]
[Round "4"]
[White "Carola, Paolo"]
[Black "Setti, Denis"]
[Result "1-0"]
[WhiteElo "2053"]
[BlackElo "1754"]
[PlyCount "75"]
[EventDate "2004.09.04"]

1. e4 e5 2. Nf3 Nc6 3. d4 exd4 4. Nxd4 Nf6 5. Nc3 Bb4 6. Nxc6 bxc6 7. Bd3 d5 8.
exd5 cxd5 9. O-O O-O 10. Bg5 c6 11. Qf3 Qd6 12. h3 Bd7 13. Ne2 d4 14. c3 dxc3
15. bxc3 Bc5 16. Rad1 Qe7 17. Ng3 h6 18. Rfe1 Qxe1+ 19. Rxe1 hxg5 20. Re5 g4
21. hxg4 Bxg4 22. Qxc6 Rac8 23. Qa4 Rfd8 24. Bf5 Bd1 25. Qb5 Bd6 26. Bxc8 Bxe5
27. Qxe5 Rxc8 28. Nf5 Re8 29. Qg3 Bg4 30. Ne3 Be6 31. a4 a6 32. a5 Rc8 33. Qd6
Rxc3 34. Qxa6 Nd5 35. Nxd5 Bxd5 36. Qb6 Kh7 37. Kh2 g6 38. Qd4 1-0